Generalized Heisenberg groups and Damek-Ricci harmonic spaces
Saved in:
| Main Author: | |
|---|---|
| Other Authors: | , |
| Format: | Book |
| Language: | English |
| Published: |
Berlin ; New York :
Springer-Verlag,
c1995
|
| Series: | Lecture notes in mathematics (Springer-Verlag)
; 1598 |
| Subjects: | |
| Tags: |
Add Tag
No Tags, Be the first to tag this record!
|
MARC
| LEADER | 00000cam a2200000 i 4500 | ||
|---|---|---|---|
| 001 | 1/29800 | ||
| 008 | 960703s1995 eng d | ||
| 020 | |a 3540590013 | ||
| 020 | |a 0387590013 | ||
| 035 | |l 10038407 | ||
| 035 | |a 1995 | ||
| 040 | |a GR-MY-UA |b gre |e aacr | ||
| 041 | 0 | |a eng | |
| 082 | 0 | |a 516.373 |2 (20) | |
| 100 | 1 | |a Berndt, Jurgen |d 1959- | |
| 245 | 1 | 0 | |a Generalized Heisenberg groups and Damek-Ricci harmonic spaces / |c Jurgen Berndt, Franco Tricerri, Lieven Vanhecke |
| 246 | 3 | 3 | |a Heisenberg groups |
| 246 | 3 | 3 | |a Damek-Ricci harmonic spaces |
| 260 | |a Berlin ; New York : |b Springer-Verlag, |c c1995 | ||
| 300 | |a viii, 125 p.; |b ill.; |c 24 cm. | ||
| 490 | 1 | |a Lecture notes in mathematics (Springer-Verlag) |v ; 1598 | |
| 504 | |a Includes bibliographical references (p. 115-122) and index | ||
| 650 | 0 | 0 | |a Global differential geometry. |
| 650 | 0 | 0 | |a Geometry, Riemannian. |
| 650 | 0 | 0 | |a Riemannian manifolds. |
| 700 | 1 | |a Tricerri, F. |q (Franco) |d 1947- | |
| 700 | 1 | |a Vanhecke, L. | |
| 830 | 0 | |a Lecture notes in mathematics (Springer-Verlag) |v ; 1598 | |
| 852 | |a INST |b SAMOS |e 19960703 |h 516.373 BER |p 005300005300 |q 005300005300 |t BK |y 0 | ||
| 909 | |a Σ |b 039231 | ||